La economía medieval

Збережено в:
Бібліографічні деталі
Автори: Contamine, Philippe (Автор), Bompaire, Marc (Автор), Lebecq, Stéphane (Автор), Sarrazin, Jean-Luc (Автор)
Формат: Книга
Мова:Іспанська
Опубліковано: Madrid Akal 2000
Серія:Akal Textos, 29
Предмети:
Теги: Додати тег
Немає тегів, Будьте першим, хто поставить тег для цього запису!

MARC

LEADER 00000cam a2200000 a 4500
001 UCG8912
003 CL-VaPUC
008 120106e20000000SP |||||||||||||||||spa|d
020 |a 8446012685 
082 0 4 |a 940.1  |b CON  |2 21 
100 0 |a Contamine, Philippe  |e author  |9 560184 
700 0 |a Bompaire, Marc  |e author  |9 560185 
700 0 |a Lebecq, Stéphane  |e author  |9 560186 
700 0 |a Sarrazin, Jean-Luc  |e author  |9 560187 
245 1 3 |a La economía medieval 
300 |a 422 p 
942 |c BK 
945 |d 20120106 00:00:00  |a dcastane 
260 |a Madrid  |b Akal  |c 2000 
650 0 |a Edad media  |9 258041 
650 0 |a Economía   |9 255568 
650 0 |a Desarrollo económico y social   |9 256320 
650 7 |a SISTEMAS MONETARIOS  |2 CL-VaPUC  |9 342366 
583 |a last modification  |c 20120106 11:45:00  |k Rodrigo Vera 
490 0 |a Akal Textos, 29 
999 |c 346499  |d 346497 
952 |0 0  |1 0  |4 0  |6 940_100000000000000_CON_2000  |7 0  |8 A  |9 447195  |a BIBHIS  |b BIBHIS  |d 2019-11-22  |i 4819802  |o 940.1 CON 2000  |p 4819802  |r 2025-01-20  |w 2019-11-22  |y BK  |k HIS